| 000 | 00475nam a2200181Ia 4500 | ||
|---|---|---|---|
| 005 | 20250326125324.0 | ||
| 008 | 250326s9999 xx 000 0 und d | ||
| 037 | _aTextbook | ||
| 040 |
_aFMSL _beng _cFMSL |
||
| 041 |
_aeng _2eng |
||
| 084 |
_aX8(A) L0 _qFMSL |
||
| 100 | _aExport I N D | ||
| 245 | 0 |
_aModern industries _cExport I N D |
|
| 260 |
_aNew Delhi _bNew Delhi, Navin _c1970 |
||
| 300 | _a204p | ||
| 942 |
_cTB _hX8(A) L0 |
||
| 999 |
_c1277524 _d1277524 |
||